000 00696nam a22002417a 4500
003 UA-OsUOA
001 24271
007 ta
008 20040212b un ||||| |||| 00| 0 ukr d
090 _a94(477)(084.12)
_bЗ-11
942 _cBK
040 _aUA-OsUOA
_bukr
_cUA-OsUOA
_dUA-OsUOA
245 _aЗ рідного гнізда. Діаспора
_bальбом фотодокументів
_cред. П. Ф. Кравчук
300 _a79 с.
955 _a2
041 _aukr
080 _a94(477)(084.12)
020 _a5-7707-1774-2
260 _aК.
_bДовіра
_c1992
044 _aUA
650 7 _a9 Географія. Біографії. Історія
_2UDC
999 _c310538
_d310538